000 004600000a22001690004500
003 MACL
005 20160102133456.0
008 160102b xxu||||| |||| 00| 0 eng d
040 _aMACL
_cMACL
041 _aEnglish
082 _a536.6/WIL
100 _aDarwin, Charles
_921131
245 _aOn the Structure and Distrubution on Coral Reefs
260 _bThe Walter Scott publishing co Ltd
_aLondon
650 _aAnimals
_927094
942 _cBK
_k593.6/WIL
_2ddc
999 _c37065
_d37065